| 000 | 00415nam a22001697a 4500 | ||
|---|---|---|---|
| 003 | OSt | ||
| 005 | 20211020162846.0 | ||
| 008 | 211020b |||||||| |||| 00| 0 eng d | ||
| 040 | _cHAWASSA UNIVERSITY | ||
| 050 |
_a631.432/SIN _b3 |
||
| 082 |
_a631.432/SIN _b3 |
||
| 100 |
_aSINGH R.A. _914727 |
||
| 245 | _aSOIL PHYSICAL ANALTSIS | ||
| 260 |
_aNEW DELHI _bLUDHIANA _c1980 |
||
| 300 | _a165 | ||
| 942 |
_2ddc _cBOOKS _n0 |
||
| 999 |
_c13916 _d13916 |
||